ბათუმის შოთა რუსთაველის სახელმწიფო უნივერსიტეტის ბიბლიოთეკა

გილოცავს შენი სავანე :[მემედ აბაშიძე] (ბიბ.ჩანაწერი № 41818)

000 -LEADER
fixed length control field 00876nam a2200217Ia 4500
001 - CONTROL NUMBER
control field 8501
003 - CONTROL NUMBER IDENTIFIER
control field GE_BSU
008 - FIXED-LENGTH DATA ELEMENTS--GENERAL INFORMATION
fixed length control field 181216s||||||||xx |||||||||||||| ||und||
040 ## - CATALOGING SOURCE
Transcribing agency GE_BSU
080 ## - UNIVERSAL DECIMAL CLASSIFICATION NUMBER
Universal Decimal Classification number 821.353.1-1
100 ## - MAIN ENTRY--PERSONAL NAME
Personal name ვარშანიძე,მამია.
245 ## - TITLE STATEMENT
Title გილოცავს შენი სავანე :[მემედ აბაშიძე]
245 ## - TITLE STATEMENT
Statement of responsibility, etc. რედ:მამია ხარაზი;მხატვ:ზურაბ ხაბაძე.
260 ## - PUBLICATION, DISTRIBUTION, ETC.
Place of publication, distribution, etc. ბათუმი.
260 ## - PUBLICATION, DISTRIBUTION, ETC.
Name of publisher, distributor, etc. აჭარის ჟურნალ-გაზეთების გამ-ბა.
260 ## - PUBLICATION, DISTRIBUTION, ETC.
Date of publication, distribution, etc. 1992.
300 ## - PHYSICAL DESCRIPTION
Extent 110გვ;1ფ.პორტ.16სმ.
653 ## - INDEX TERM--UNCONTROLLED
Uncontrolled term გილოცავს შენი სავანე
653 ## - INDEX TERM--UNCONTROLLED
Uncontrolled term პერსონალია: - აბაშიძე მემედ;
942 ## - ADDED ENTRY ELEMENTS (KOHA)
Koha item type წიგნი
ეგზემპლარები
Withdrawn status Lost status Damaged status Not for loan Date acquired Barcode Date last seen Price effective from Koha item type
        2018-12-17 30742 2018-12-17 2018-12-17 წიგნი
        2018-12-17 30743 2018-12-17 2018-12-17 წიგნი
        2018-12-17 30744 2018-12-17 2018-12-17 წიგნი
        2018-12-17 32938-3ლ 2018-12-17 2018-12-17 წიგნი